000
00300nam a22001337a 4500
008
181207b xxu||||| |||| 00| 0 eng d
020
_a
9781441957894
041
_a
eng
080
_a
521
100
_a
52
101
_a
AST
245
_a
Comets and How to Observe Them
_c
Schmude,R
942
_2
udc
_c
BK
999
_c
53044
_d
53044